Statistics for Parishes of Bermuda on a Map

Click here to take the quiz!

General Stats

  • This quiz has been taken 108 times
  • The average score is 8 of 11

Answers on the Map

Answers color-coded by a green-red scale on the quiz's map according to % correct below.
 

Answer Stats

answer% Correct
ParishHamilton
95%
CityHamilton
95%
ParishSt. George's
88%
TownSt. George's
88%
ParishWarwick
74%
ParishSandys
72%
ParishSouthampton
72%
ParishPaget
67%
ParishPembroke
67%
ParishSmith's
66%
ParishDevonshire
60%

Score Distribution

Percentile by Number Answered

Percent of People with Each Score

Your Score History

You have not taken this quiz